| 000 | 00945 aa a2200229 4500 | ||
|---|---|---|---|
| 005 | 20120519123835.0 | ||
| 010 | _a | ||
| 020 |
_c80.00 _a |
||
| 035 | _aB-46211 | ||
| 037 | _bpub | ||
| 082 | _a523.43 | ||
| 100 |
_aगुप्ता, शशि _947460 |
||
| 245 |
_aहमारा पड़ोसी ग्रह मंगल / _cशशि गुप्ता |
||
| 246 |
_a _b |
||
| 260 |
_aनई दिल्ली _bअनुराग प्रकाशन _c2000 |
||
| 270 |
_a _bनई दिल्ली _e _k |
||
| 300 |
_a100पृ _c22 सेमी (सजिल्द) |
||
| 650 |
_aहिन्दी उपन्यास _947461 |
||
| 650 |
_aHindi Novel _947462 |
||
| 942 |
_adpl _cHN _k _2ddc _h523.43 _mगुप्ताशे |
||
| 999 |
_c66906 _d66906 |
||